Jogadores com mais de 100 gols pelo Palmeiras - Statistics

Estatísticas Gerais
  • Esse quiz foi jogado 127 vezes
  • A pontuação média é 3 de 16
Estatísticas das Respostas
Quantidade de gols Nome Período % Correto
155 Ademir da Guia 1961 - 1977
91%
126 Evair 1991 - 1994/ 1999 - 1999
64%
323 Heitor 1916-1931
53%
182 César Maluco 1967 - 1974
45%
108 Leivinha 1971 - 1975
33%
122 Tupãzinho 1963 - 1968
13%
149 Lima 1938 - 1954
11%
117 Caetano Imparato 1919 - 1930
7%
127 Humberto Tozzi 1953 - 1957/ 1960 - 1961
7%
106 Liminha 1951 - 1955
7%
139 Servílio 1963 - 1968
5%
103 Jorge Mendonça Ministro 1976 - 1980
2%
109 Romeu Pellicciari 1929 - 1935/ 1942 - 1942
2%
113 Echevarieta 1939 - 1942
1%
131 Rodrigues Tatu 1950 - 1955/ 1957 - 1957
1%
122 Luizinho Mesquita 1935 - 1941
0%
Nenhum quiz correspondente encontrado
Distribuição das Pontuações
Porcentagem de Pessoas com Cada Pontuação
Percentil de Números Respondidos
Sua Pontuação Histórica
Você não jogou esse quiz